000 00407nam a2200157Ia 4500
008 230711s9999||||xx |||||||||||||| ||und||
041 _aENG
082 _a621.3
_bPA-U
100 _aPatrick,Dale
245 0 _aUnderstanding DC circuits
250 _a1st Ed.
260 _c1989
_aNew York
_bPrentice-Hall of India Private Limited
650 _aElectronics Engineering
700 _aFardo,Stephen
942 _cBK
999 _c582
_d582